[Event "WYCC Open U16"]
[Site "Porto Carras"]
[Date "2015.11.01"]
[Round "7.7"]
[White "Capone, Nicola"]
[Black "Lopez Mulet, Inigo"]
[Result "1-0"]
[BlackElo "2333"]
[WhiteElo "2391"]
[LiveChessVersion "1.4.6"]

1. d4 {[%clk 1:30:57]} e6 {[%clk 1:29:12]} 2. c4 {[%clk 1:31:18]} Bb4+
{[%clk 1:29:15]} 3. Nc3 {[%clk 1:31:43]} c5 {[%clk 1:29:00]} 4. e3
{[%clk 1:31:51]} Nc6 {[%clk 1:25:06]} 5. dxc5 {[%clk 1:28:41]} Bxc3+
{[%clk 1:22:01]} 6. bxc3 {[%clk 1:28:55]} Qa5 {[%clk 1:21:55]} 7. Qb3
{[%clk 1:27:33]} Nf6 {[%clk 1:14:44]} 8. Ba3 {[%clk 1:18:56]} Ne4
{[%clk 1:02:18]} 9. Bb4 {[%clk 1:18:41]} Qd8 {[%clk 1:02:11]} 10. Bd3
{[%clk 0:59:48]} f5 {[%clk 0:51:28]} 11. Nf3 {[%clk 0:52:36]} O-O
{[%clk 0:47:48]} 12. O-O {[%clk 0:50:56]} Qf6 {[%clk 0:35:20]} 13. Qc2
{[%clk 0:25:54]} Qg6 {[%clk 0:22:52]} 14. a4 {[%clk 0:23:58]} Rf6
{[%clk 0:16:29]} 15. Bxe4 {[%clk 0:13:27]} fxe4 {[%clk 0:16:52]} 16. Nd2
{[%clk 0:13:51]} Ne5 {[%clk 0:14:32]} 17. Nxe4 {[%clk 0:14:14]} Rf7
{[%clk 0:14:03]} 18. f4 {[%clk 0:13:12]} Nxc4 {[%clk 0:08:08]} 19. Qd3
{[%clk 0:13:35]} Nb2 {[%clk 0:08:00]} 20. Qd4 {[%clk 0:13:20]} b6
{[%clk 0:07:16]} 21. Nd6 {[%clk 0:10:15]} bxc5 {[%clk 0:07:09]} 22. Bxc5
{[%clk 0:09:37]} Rf8 {[%clk 0:03:39]} 23. Rf2 {[%clk 0:06:43]} Rb8
{[%clk 0:02:58]} 24. f5 {[%clk 0:06:50]} Qh5 {[%clk 0:02:24]} 25. Rb1
{[%clk 0:05:18]} Ba6 {[%clk 0:00:41]} 26. Rfxb2 {[%clk 0:04:56]} Rxb2
{[%clk 0:00:46]} 27. Rxb2 {[%clk 0:05:24]} Rxf5 {[%clk 0:00:35]} 28. Nxf5
{[%clk 0:05:28]} 1-0

[Event "WYCC Open U16"]
[Site "Porto Carras"]
[Date "2015.11.01"]
[Round "7.8"]
[White "Arcuti, Davide"]
[Black "Dragnev, Valentin"]
[Result "1-0"]
[BlackElo "2380"]
[WhiteElo "2280"]
[LiveChessVersion "1.4.6"]

1. d4 {[%clk 1:30:54]} Nf6 {[%clk 1:30:54]} 2. c4 {[%clk 1:31:21]} e6
{[%clk 1:31:19]} 3. Nc3 {[%clk 1:31:45]} Bb4 {[%clk 1:31:44]} 4. Qc2
{[%clk 1:32:08]} b6 {[%clk 1:32:08]} 5. a3 {[%clk 1:31:45]} Bxc3+
{[%clk 1:32:25]} 6. Qxc3 {[%clk 1:32:00]} Bb7 {[%clk 1:32:30]} 7. Bg5
{[%clk 1:31:32]} h6 {[%clk 1:31:42]} 8. Bh4 {[%clk 1:31:42]} g5 {[%clk 1:31:31]}
9. Bg3 {[%clk 1:31:57]} Ne4 {[%clk 1:31:54]} 10. Qc2 {[%clk 1:29:52]} c5
{[%clk 1:31:16]} 11. e3 {[%clk 1:19:15]} Nxg3 {[%clk 1:29:40]} 12. hxg3
{[%clk 1:18:54]} Qf6 {[%clk 1:30:00]} 13. Ne2 {[%clk 1:15:52]} Kf8
{[%clk 1:15:09]} 14. Rd1 {[%clk 1:14:55]} Kg7 {[%clk 1:08:48]} 15. g4
{[%clk 1:06:38]} cxd4 {[%clk 0:40:39]} 16. Rxd4 {[%clk 1:06:38]} Qe7
{[%clk 0:40:39]} 17. Qc3 Kg8 18. Ng3 {[%clk 0:58:41]} d6 {[%clk 0:26:06]} 19. Qd2
{[%clk 0:52:08]} Nd7 {[%clk 0:22:58]} 20. Rxd6 {[%clk 0:47:14]} Nf6
{[%clk 0:21:00]} 21. Rd4 {[%clk 0:44:49]} Kg7 {[%clk 0:19:54]} 22. Qc3
{[%clk 0:42:42]} Kg8 {[%clk 0:19:37]} 23. f3 {[%clk 0:38:25]} Rc8
{[%clk 0:19:21]} 24. b4 {[%clk 0:33:46]} Ba6 {[%clk 0:15:49]} 25. Kf2
{[%clk 0:31:13]} Bb7 {[%clk 0:14:05]} 26. Be2 {[%clk 0:29:50]} Bc6
{[%clk 0:12:15]} 27. Qb2 {[%clk 0:23:50]} Be8 {[%clk 0:10:26]} 28. Rdd1
{[%clk 0:18:29]} Ba4 {[%clk 0:08:32]} 29. Rc1 {[%clk 0:17:46]} Bd7
{[%clk 0:08:36]} 30. Rh2 {[%clk 0:13:58]} e5 {[%clk 0:07:24]} 31. Bd3
{[%clk 0:11:35]} Bxg4 {[%clk 0:05:44]} 32. Bf5 {[%clk 0:08:43]} Bxf5
{[%clk 0:05:59]} 33. Nxf5 {[%clk 0:09:11]} Qe6 {[%clk 0:06:03]} 34. e4
{[%clk 0:08:28]} h5 {[%clk 0:04:42]} 35. Qd2 {[%clk 0:07:45]} Kf8
{[%clk 0:03:23]} 36. Qxg5 {[%clk 0:07:49]} Rg8 {[%clk 0:03:49]} 37. Qh6+
{[%clk 0:07:32]} Ke8 {[%clk 0:04:17]} 38. Ng7+ {[%clk 0:06:27]} Rxg7
{[%clk 0:04:44]} 39. Qxg7 {[%clk 0:06:50]} Ke7 {[%clk 0:05:11]} 40. Qg5
{[%clk 0:36:07]} Rg8 {[%clk 0:33:30]} 41. Qe3 {[%clk 0:34:16]} 1-0

[Event "WYCC Open U16"]
[Site "Porto Carras"]
[Date "2015.11.01"]
[Round "7.9"]
[White "Mesaros, Florian"]
[Black "Nie, Xinyang"]
[Result "1/2-1/2"]
[BlackElo "2128"]
[WhiteElo "2379"]
[LiveChessVersion "1.4.6"]

1. Nf3 {[%clk 1:30:52]} d5 {[%clk 1:30:56]} 2. d4 {[%clk 1:31:14]} Nf6
{[%clk 1:31:23]} 3. c4 {[%clk 1:31:35]} e6 {[%clk 1:31:49]} 4. Nc3
{[%clk 1:31:49]} a6 {[%clk 1:32:16]} 5. cxd5 {[%clk 1:30:54]} exd5
{[%clk 1:32:43]} 6. Bf4 {[%clk 1:30:05]} Bd6 {[%clk 1:33:09]} 7. Bg3
{[%clk 1:29:22]} O-O {[%clk 1:32:50]} 8. e3 {[%clk 1:29:17]} Bf5 {[%clk 1:26:28]}
9. Qb3 {[%clk 1:22:06]} Nc6 {[%clk 1:25:18]} 10. Be2 {[%clk 1:18:52]} Nb4
{[%clk 1:14:32]} 11. Rc1 {[%clk 1:17:38]} Nc6 12. O-O {[%clk 1:14:29]} Bxg3
{[%clk 0:59:53]} 13. hxg3 {[%clk 1:14:26]} Rb8 {[%clk 0:59:09]} 14. Rfd1
{[%clk 1:09:43]} Qd6 {[%clk 0:58:22]} 15. Na4 {[%clk 1:04:03]} Ne4
{[%clk 0:56:53]} 16. Nc5 {[%clk 1:03:04]} Nxc5 {[%clk 0:55:42]} 17. Rxc5
{[%clk 0:59:13]} Ne7 {[%clk 0:55:35]} 18. a4 {[%clk 0:50:44]} c6 {[%clk 0:55:14]}
19. Rdc1 {[%clk 0:49:40]} Bg4 {[%clk 0:51:42]} 20. Qa3 {[%clk 0:46:51]} Nf5
{[%clk 0:50:53]} 21. b4 {[%clk 0:45:45]} h5 {[%clk 0:50:28]} 22. Qb2
{[%clk 0:44:31]} Rfe8 {[%clk 0:46:25]} 23. Ne5 {[%clk 0:40:03]} Bxe2
{[%clk 0:44:51]} 24. Qxe2 {[%clk 0:40:17]} Nxd4 {[%clk 0:33:57]} 25. exd4
{[%clk 0:40:42]} f6 {[%clk 0:34:26]} 26. Re1 {[%clk 0:34:28]} fxe5
{[%clk 0:33:03]} 27. dxe5 {[%clk 0:33:24]} Qg6 {[%clk 0:33:30]} 28. e6
{[%clk 0:31:20]} Rbd8 {[%clk 0:22:57]} 29. b5 {[%clk 0:26:30]} axb5
{[%clk 0:23:23]} 30. axb5 {[%clk 0:26:54]} Rd6 {[%clk 0:23:47]} 31. bxc6
{[%clk 0:23:48]} bxc6 {[%clk 0:18:27]} 32. e7 {[%clk 0:20:53]} Kf7
{[%clk 0:15:11]} 33. Rc3 {[%clk 0:19:09]} Kg8 {[%clk 0:11:30]} 34. Rf3
{[%clk 0:17:05]} Rf6 {[%clk 0:11:55]} 35. Rxf6 {[%clk 0:12:15]} Qxf6
{[%clk 0:12:22]} 36. Qxh5 {[%clk 0:12:19]} Rxe7 {[%clk 0:12:47]} 37. Rb1
{[%clk 0:09:16]} Rf7 {[%clk 0:13:11]} 38. Qe2 {[%clk 0:08:05]} Rf8
{[%clk 0:13:33]} 39. Rb4 {[%clk 0:06:58]} c5 {[%clk 0:12:46]} 40. Rh4
{[%clk 0:36:01]} c4 {[%clk 0:42:32]} 41. Qd2 {[%clk 0:29:39]} Qe5
{[%clk 0:41:41]} 42. Rd4 {[%clk 0:27:35]} Rc8 {[%clk 0:23:18]} 43. Rxd5
{[%clk 0:27:27]} Qf6 {[%clk 0:22:02]} 44. Qa2 {[%clk 0:23:20]} Qc6
{[%clk 0:19:47]} 45. Rh5 {[%clk 0:22:49]} Re8 {[%clk 0:16:49]} 46. Qc2
{[%clk 0:17:47]} Qe4 {[%clk 0:17:04]} 47. Qxe4 {[%clk 0:17:27]} Rxe4
{[%clk 0:17:33]} 48. Kf1 {[%clk 0:15:35]} Kf7 {[%clk 0:17:55]} 49. Rc5
{[%clk 0:13:32]} Kf6 {[%clk 0:16:44]} 50. f3 {[%clk 0:13:13]} Rd4
{[%clk 0:17:10]} 51. Ke2 {[%clk 0:13:37]} Ke6 {[%clk 0:16:19]} 52. g4
{[%clk 0:13:28]} Kf6 {[%clk 0:12:39]} 53. g3 {[%clk 0:13:14]} Ke6
{[%clk 0:10:49]} 54. Ke3 {[%clk 0:11:26]} Rd3+ {[%clk 0:11:18]} 55. Ke4
{[%clk 0:10:54]} Rc3 {[%clk 0:11:46]} 56. Rc6+ {[%clk 0:09:12]} Kf7
{[%clk 0:12:07]} 57. g5 {[%clk 0:08:04]} Ra3 {[%clk 0:10:34]} 58. Rxc4
{[%clk 0:07:56]} Kg6 {[%clk 0:10:58]} 59. Kf4 {[%clk 0:06:33]} Kh5
{[%clk 0:10:38]} 60. g4+ {[%clk 0:02:28]} Kh4 {[%clk 0:11:05]} 61. g6
{[%clk 0:01:39]} Ra6 {[%clk 0:10:02]} 62. g5 {[%clk 0:01:35]} Kh5
{[%clk 0:10:00]} 63. Rc5 {[%clk 0:01:37]} Ra8 {[%clk 0:08:26]} 64. Kg3
{[%clk 0:01:41]} Ra3 {[%clk 0:07:29]} 65. Rc7 {[%clk 0:02:03]} Kxg5
{[%clk 0:07:51]} 66. Rxg7 {[%clk 0:02:14]} Kf6 {[%clk 0:07:22]} 67. Rg8
{[%clk 0:02:40]} Ra1 {[%clk 0:07:06]} 68. Kg4 {[%clk 0:02:37]} Rb1
{[%clk 0:07:15]} 69. Kf4 {[%clk 0:02:34]} Re1 {[%clk 0:07:19]} 70. Kg4
{[%clk 0:02:28]} Rg1+ {[%clk 0:07:42]} 71. Kh3 {[%clk 0:02:50]} Ra1
{[%clk 0:07:33]} 72. f4 {[%clk 0:03:01]} Rh1+ {[%clk 0:07:17]} 73. Kg3
{[%clk 0:03:18]} Rg1+ {[%clk 0:07:43]} 74. Kf3 {[%clk 0:03:41]} Rxg6
{[%clk 0:08:05]} 75. Ra8 {[%clk 0:04:02]} Kf7 {[%clk 0:08:31]} 76. Ra7+
{[%clk 0:04:13]} Kf8 {[%clk 0:07:24]} 77. Ke4 {[%clk 0:04:20]} Rb6
{[%clk 0:07:51]} 78. Kf5 {[%clk 0:04:36]} Rc6 {[%clk 0:08:18]} 79. Ke5
{[%clk 0:04:55]} Rb6 {[%clk 0:08:45]} 80. Rd7 {[%clk 0:05:09]} Rb4
{[%clk 0:07:23]} 81. Rd6 {[%clk 0:05:00]} Ke7 {[%clk 0:07:25]} 82. Rd5
{[%clk 0:05:20]} Rb6 {[%clk 0:07:34]} 83. Kf5 {[%clk 0:05:09]} Ra6
{[%clk 0:07:48]} 84. Kg5 {[%clk 0:05:20]} Kf7 {[%clk 0:08:12]} 85. Rb5
{[%clk 0:05:42]} Rg6+ {[%clk 0:08:34]} 86. Kh5 {[%clk 0:06:04]} Rg1
{[%clk 0:08:52]} 87. Rb6 {[%clk 0:05:09]} Rg2 {[%clk 0:09:16]} 88. Kh6
{[%clk 0:05:23]} Rg1 {[%clk 0:09:24]} 89. Kh5 {[%clk 0:04:43]} Rg2
{[%clk 0:09:48]} 90. Kh4 {[%clk 0:05:04]} Rg1 {[%clk 0:10:13]} 91. Rb3
{[%clk 0:04:56]} Kf6 {[%clk 0:10:37]} 92. Rg3 {[%clk 0:05:13]} Rxg3
{[%clk 0:11:02]} 93. Kxg3 {[%clk 0:05:37]} 1/2-1/2

[Event "WYCC Open U16"]
[Site "Porto Carras"]
[Date "2015.11.01"]
[Round "7.10"]
[White "Agmanov, Zhandos"]
[Black "Acosta, Pablo Ismael"]
[Result "1-0"]
[BlackElo "2377"]
[WhiteElo "2167"]
[LiveChessVersion "1.4.6"]

1. e4 {[%clk 1:30:55]} c5 {[%clk 1:30:55]} 2. Nf3 {[%clk 1:31:07]} e6
{[%clk 1:31:16]} 3. c4 {[%clk 1:31:21]} Nc6 {[%clk 1:26:20]} 4. Nc3
{[%clk 1:31:41]} Nf6 {[%clk 1:24:57]} 5. Be2 {[%clk 1:31:41]} Qc7
{[%clk 1:19:17]} 6. O-O {[%clk 1:31:12]} a6 {[%clk 1:19:21]} 7. d4
{[%clk 1:20:59]} cxd4 {[%clk 1:18:40]} 8. Nxd4 {[%clk 1:20:44]} Be7
{[%clk 1:07:08]} 9. Be3 {[%clk 1:20:32]} d6 {[%clk 1:06:39]} 10. f3
{[%clk 1:17:45]} O-O {[%clk 1:05:47]} 11. Rc1 {[%clk 1:16:10]} Nxd4
{[%clk 1:03:29]} 12. Bxd4 {[%clk 1:15:48]} b6 {[%clk 1:00:00]} 13. b4
{[%clk 1:09:18]} Bb7 {[%clk 1:00:00]} 14. Qd3 {[%clk 1:09:06]} Nd7
{[%clk 0:59:35]} 15. Rfd1 {[%clk 1:03:48]} Rfd8 {[%clk 0:40:59]} 16. Be3
{[%clk 1:00:19]} Rac8 {[%clk 0:34:27]} 17. Qd4 {[%clk 0:51:18]} Qc6
{[%clk 0:23:30]} 18. Nb5 {[%clk 0:45:04]} Bf6 {[%clk 0:14:27]} 19. Qd2
{[%clk 0:45:24]} axb5 {[%clk 0:12:36]} 20. cxb5 {[%clk 0:45:49]} Qxc1
{[%clk 0:12:14]} 21. Rxc1 {[%clk 0:46:11]} Rxc1+ {[%clk 0:12:39]} 22. Qxc1
{[%clk 0:46:37]} Rc8 {[%clk 0:13:00]} 23. Qd1 {[%clk 0:46:16]} d5
{[%clk 0:13:16]} 24. a4 {[%clk 0:41:54]} Bc3 {[%clk 0:12:56]} 25. exd5
{[%clk 0:40:10]} exd5 {[%clk 0:12:14]} 26. Bd4 {[%clk 0:39:31]} Bxb4
{[%clk 0:11:26]} 27. Bxg7 {[%clk 0:39:29]} f6 {[%clk 0:03:49]} 28. Bh6
{[%clk 0:39:20]} Bc5+ {[%clk 0:03:25]} 29. Kh1 {[%clk 0:39:43]} Ne5
{[%clk 0:03:15]} 30. Qe1 {[%clk 0:38:48]} Re8 {[%clk 0:02:48]} 31. f4
{[%clk 0:35:31]} Ng6 {[%clk 0:01:29]} 32. f5 {[%clk 0:35:40]} Bc8
{[%clk 0:01:23]} 33. fxg6 {[%clk 0:35:58]} hxg6 {[%clk 0:01:04]} 34. Qd1
{[%clk 0:33:19]} d4 {[%clk 0:00:35]} 35. Bc4+ {[%clk 0:32:53]} Kh7
{[%clk 0:00:48]} 36. Bd2 {[%clk 0:33:17]} Bf5 {[%clk 0:00:38]} 37. Qf3
{[%clk 0:33:35]} Bd6 {[%clk 0:00:32]} 38. Qd5 {[%clk 0:33:38]} 1-0

[Event "WYCC Open U16"]
[Site "Porto Carras"]
[Date "2015.11.01"]
[Round "7.11"]
[White "Maghsoodloo, Parham"]
[Black "Papadopoulos, Argirios"]
[Result "1-0"]
[BlackElo "2267"]
[WhiteElo "2457"]
[LiveChessVersion "1.4.6"]

1. Nf3 {[%clk 1:30:52]} Nf6 {[%clk 1:30:56]} 2. g3 {[%clk 1:31:12]} d5
{[%clk 1:30:59]} 3. Bg2 {[%clk 1:31:17]} c6 {[%clk 1:31:20]} 4. O-O
{[%clk 1:31:36]} Bg4 {[%clk 1:31:47]} 5. Ne5 {[%clk 1:31:23]} Bf5
{[%clk 1:31:33]} 6. b3 {[%clk 1:31:42]} Nbd7 {[%clk 1:25:22]} 7. Bb2
{[%clk 1:27:43]} Nxe5 {[%clk 1:25:22]} 8. Bxe5 {[%clk 1:28:07]} e6
{[%clk 1:23:46]} 9. d3 {[%clk 1:26:33]} Be7 {[%clk 1:21:46]} 10. Nd2
{[%clk 1:26:01]} O-O {[%clk 1:21:00]} 11. e4 {[%clk 1:24:57]} dxe4
{[%clk 1:13:25]} 12. dxe4 {[%clk 1:24:20]} Bg4 {[%clk 1:13:47]} 13. Qe1
{[%clk 1:14:44]} Qa5 {[%clk 0:47:14]} 14. Nc4 {[%clk 1:14:56]} Qxe1
{[%clk 0:46:12]} 15. Rfxe1 {[%clk 1:15:18]} Rfd8 {[%clk 0:44:50]} 16. Bc3
{[%clk 0:59:14]} Bc5 {[%clk 0:41:53]} 17. h3 {[%clk 0:54:34]} Bh5
{[%clk 0:41:51]} 18. g4 {[%clk 0:54:58]} Bg6 {[%clk 0:41:38]} 19. Re2
{[%clk 0:55:08]} Ne8 {[%clk 0:30:29]} 20. a4 {[%clk 0:49:35]} Bd4
{[%clk 0:24:12]} 21. Bxd4 {[%clk 0:46:11]} Rxd4 {[%clk 0:24:37]} 22. f4
{[%clk 0:42:35]} f6 {[%clk 0:23:52]} 23. Kf2 {[%clk 0:37:56]} Rad8
{[%clk 0:16:11]} 24. Ke3 {[%clk 0:36:34]} Bf7 {[%clk 0:09:58]} 25. e5
{[%clk 0:35:58]} R4d7 {[%clk 0:09:03]} 26. a5 {[%clk 0:30:23]} a6
{[%clk 0:08:02]} 27. Rd2 {[%clk 0:29:19]} Rxd2 {[%clk 0:04:45]} 28. Nxd2
{[%clk 0:29:47]} Bg6 {[%clk 0:02:07]} 29. Ne4 {[%clk 0:13:35]} fxe5
{[%clk 0:01:59]} 30. fxe5 {[%clk 0:14:03]} Bxe4 {[%clk 0:01:15]} 31. Bxe4
{[%clk 0:14:32]} Nc7 {[%clk 0:01:02]} 32. c4 {[%clk 0:15:01]} g6 {[%clk 0:00:37]}
33. b4 {[%clk 0:13:36]} Kf7 {[%clk 0:00:39]} 34. h4 {[%clk 0:13:15]} Kg7
{[%clk 0:00:40]} 35. Ra3 {[%clk 0:12:55]} Kf7 {[%clk 0:00:33]} 36. Ra1
{[%clk 0:11:01]} Kg7 {[%clk 0:00:35]} 37. h5 {[%clk 0:10:16]} Rd7
{[%clk 0:00:33]} 38. Rh1 {[%clk 0:10:13]} Rd8 {[%clk 0:00:32]} 39. h6+
{[%clk 0:10:29]} Kf7 {[%clk 0:00:33]} 40. Rh2 {[%clk 0:40:31]} Ke7
{[%clk 0:30:34]} 41. Bc2 {[%clk 0:38:33]} Rf8 {[%clk 0:20:19]} 42. Rf2
{[%clk 0:36:30]} Rd8 {[%clk 0:19:41]} 43. g5 {[%clk 0:36:47]} Rb8
{[%clk 0:12:34]} 44. Kd4 {[%clk 0:37:09]} Rd8+ {[%clk 0:04:58]} 45. Kc5
{[%clk 0:36:51]} Na8 {[%clk 0:04:15]} 46. Rf6 {[%clk 0:36:49]} Rd2
{[%clk 0:02:24]} 47. Bxg6 {[%clk 0:37:00]} hxg6 {[%clk 0:02:37]} 48. Rxg6
{[%clk 0:37:29]} Rh2 {[%clk 0:01:32]} 49. Rg7+ {[%clk 0:37:50]} Kf8
{[%clk 0:00:42]} 50. Rxb7 {[%clk 0:38:13]} Rh5 {[%clk 0:00:45]} 51. h7
{[%clk 0:38:34]} 1-0

[Event "WYCC Open U16"]
[Site "Porto Carras"]
[Date "2015.11.01"]
[Round "7.13"]
[White "Vogel, Roven"]
[Black "Alexiadis, Hristos"]
[Result "1-0"]
[BlackElo "2189"]
[WhiteElo "2417"]
[LiveChessVersion "1.4.6"]

1. Nf3 {[%clk 1:30:54]} Nf6 {[%clk 1:30:09]} 2. d4 {[%clk 1:31:13]} g6
{[%clk 1:29:46]} 3. Bg5 {[%clk 1:31:11]} d5 {[%clk 1:28:33]} 4. Bxf6
{[%clk 1:28:41]} exf6 {[%clk 1:28:46]} 5. e3 {[%clk 1:28:53]} Bd6
{[%clk 1:26:05]} 6. c4 {[%clk 1:28:30]} dxc4 {[%clk 1:26:19]} 7. Bxc4
{[%clk 1:28:31]} c6 {[%clk 1:17:04]} 8. O-O {[%clk 1:26:48]} O-O {[%clk 1:11:34]}
9. Nc3 {[%clk 1:25:48]} f5 {[%clk 1:11:53]} 10. e4 {[%clk 1:20:46]} b5
{[%clk 1:04:02]} 11. Bd3 {[%clk 1:12:24]} b4 {[%clk 1:04:22]} 12. Na4
{[%clk 1:06:27]} fxe4 {[%clk 0:58:35]} 13. Bxe4 {[%clk 1:06:50]} Qf6
{[%clk 0:58:59]} 14. Rc1 {[%clk 1:02:40]} Bg4 {[%clk 0:53:30]} 15. Qd3
{[%clk 1:01:41]} Rd8 {[%clk 0:46:35]} 16. Rfe1 {[%clk 0:38:41]} Bf4
{[%clk 0:39:51]} 17. Rc2 {[%clk 0:32:33]} a5 {[%clk 0:28:05]} 18. g3
{[%clk 0:29:27]} Bd6 {[%clk 0:26:31]} 19. Nd2 {[%clk 0:21:37]} Bf8
{[%clk 0:24:02]} 20. Nb3 {[%clk 0:19:40]} Ra7 {[%clk 0:23:56]} 21. Rcc1
{[%clk 0:19:52]} Rad7 {[%clk 0:21:50]} 22. Qc2 {[%clk 0:19:28]} Bh6
{[%clk 0:21:45]} 23. Ra1 {[%clk 0:19:23]} Rd6 {[%clk 0:18:54]} 24. Nac5
{[%clk 0:19:20]} Bc8 {[%clk 0:16:39]} 25. Bg2 {[%clk 0:18:45]} a4
{[%clk 0:14:50]} 26. Nxa4 {[%clk 0:18:39]} Na6 {[%clk 0:15:06]} 27. Nb6
{[%clk 0:18:39]} Bf5 {[%clk 0:10:29]} 28. Qc4 {[%clk 0:18:13]} Nc7
{[%clk 0:10:23]} 29. Qxb4 {[%clk 0:18:13]} Bf8 {[%clk 0:09:54]} 30. Qa5
{[%clk 0:17:13]} Nb5 {[%clk 0:07:00]} 31. Nc4 {[%clk 0:16:19]} Rd5
{[%clk 0:06:22]} 32. Ne3 {[%clk 0:15:59]} R5d6 {[%clk 0:06:04]} 33. d5
{[%clk 0:16:08]} Qxb2 {[%clk 0:02:06]} 34. Nc4 {[%clk 0:16:22]} Qf6
{[%clk 0:02:35]} 35. Nxd6 {[%clk 0:16:44]} 1-0

[Event "WYCC Open U16"]
[Site "Porto Carras"]
[Date "2015.11.01"]
[Round "7.14"]
[White "Thorgeirsson, Jon Kristinn"]
[Black "Makhnyov, Denis"]
[Result "1/2-1/2"]
[BlackElo "2399"]
[WhiteElo "2282"]
[LiveChessVersion "1.4.6"]

1. d4 {[%clk 1:30:58]} Nf6 {[%clk 1:28:37]} 2. Nf3 {[%clk 1:31:11]} e6
{[%clk 1:27:56]} 3. Bg5 {[%clk 1:30:20]} d5 {[%clk 1:24:28]} 4. c4
{[%clk 1:29:46]} Be7 {[%clk 1:23:48]} 5. Nc3 {[%clk 1:29:56]} O-O
{[%clk 1:23:32]} 6. e3 {[%clk 1:29:59]} Nbd7 {[%clk 1:21:28]} 7. cxd5
{[%clk 1:29:08]} exd5 {[%clk 1:21:57]} 8. Bd3 {[%clk 1:29:19]} c6
{[%clk 1:22:02]} 9. Qc2 {[%clk 1:29:38]} Re8 {[%clk 1:22:07]} 10. O-O
{[%clk 1:29:29]} Nf8 {[%clk 1:22:22]} 11. Rab1 {[%clk 1:28:46]} a5
{[%clk 1:11:33]} 12. a3 {[%clk 1:28:17]} g6 {[%clk 1:11:27]} 13. b4
{[%clk 1:25:38]} Ne6 {[%clk 1:09:19]} 14. Bxf6 {[%clk 1:19:32]} Bxf6
{[%clk 1:09:47]} 15. Rfd1 {[%clk 1:17:43]} axb4 {[%clk 0:59:34]} 16. axb4
{[%clk 1:18:08]} b5 {[%clk 0:58:02]} 17. Ne2 {[%clk 1:05:35]} Qb6
{[%clk 0:56:49]} 18. Nd2 {[%clk 0:59:47]} Be7 {[%clk 0:41:20]} 19. Qc3
{[%clk 0:56:08]} Ra4 {[%clk 0:37:54]} 20. Bc2 {[%clk 0:55:43]} Ra6
{[%clk 0:34:58]} 21. e4 {[%clk 0:46:40]} Bb7 {[%clk 0:33:28]} 22. e5
{[%clk 0:45:01]} Rea8 {[%clk 0:31:39]} 23. f4 {[%clk 0:44:29]} Bc8
{[%clk 0:29:55]} 24. f5 {[%clk 0:41:07]} gxf5 {[%clk 0:28:46]} 25. Bxf5
{[%clk 0:41:24]} Nxd4 {[%clk 0:11:20]} 26. Bxh7+ {[%clk 0:41:39]} Kxh7
{[%clk 0:11:49]} 27. Nxd4 {[%clk 0:41:23]} Bf5 {[%clk 0:10:16]} 28. Rf1
{[%clk 0:20:48]} Bxb1 {[%clk 0:02:26]} 29. Rxf7+ {[%clk 0:20:52]} Kg8
{[%clk 0:02:55]} 30. Rxe7 {[%clk 0:20:09]} Ra3 {[%clk 0:03:09]} 31. N2b3
{[%clk 0:14:12]} Rxb3 {[%clk 0:03:24]} 32. Qd2 {[%clk 0:13:52]} Ra1
{[%clk 0:00:39]} 33. h3 {[%clk 0:10:46]} Rg3 {[%clk 0:01:05]} 34. Kh2
{[%clk 0:07:40]} Ra2 {[%clk 0:01:27]} 35. Re8+ {[%clk 0:07:04]} Kf7
{[%clk 0:01:34]} 36. Qf4+ {[%clk 0:06:49]} Kxe8 {[%clk 0:02:00]} 37. Qxg3
{[%clk 0:06:56]} Qxd4 {[%clk 0:01:44]} 38. Qg8+ {[%clk 0:07:01]} Ke7
{[%clk 0:01:22]} 39. Qg7+ {[%clk 0:07:20]} Ke8 {[%clk 0:01:39]} 40. Qg8+
{[%clk 0:37:44]} Ke7 {[%clk 0:31:59]} 41. Qg7+ {[%clk 0:38:08]} Kd8
{[%clk 0:30:35]} 42. Qf8+ {[%clk 0:38:11]} Kd7 {[%clk 0:29:43]} 43. Qf7+
{[%clk 0:38:27]} 1/2-1/2

[Event "WYCC Open U16"]
[Site "Porto Carras"]
[Date "2015.11.01"]
[Round "7.15"]
[White "Drakoulakos, Grigorios"]
[Black "Nikitenko, Mihail"]
[Result "0-1"]
[BlackElo "2393"]
[WhiteElo "2234"]
[LiveChessVersion "1.4.6"]

1. e4 {[%clk 1:30:53]} e5 {[%clk 1:30:20]} 2. Nf3 {[%clk 1:30:47]} Nc6
{[%clk 1:30:43]} 3. Bb5 {[%clk 1:30:40]} a6 {[%clk 1:30:58]} 4. Ba4
{[%clk 1:30:58]} Nf6 {[%clk 1:31:23]} 5. O-O {[%clk 1:30:26]} Nxe4
{[%clk 1:31:21]} 6. d4 {[%clk 1:29:53]} b5 {[%clk 1:31:42]} 7. Bb3
{[%clk 1:30:18]} d5 {[%clk 1:32:07]} 8. dxe5 {[%clk 1:30:07]} Be6
{[%clk 1:32:32]} 9. c3 {[%clk 1:29:33]} Bc5 {[%clk 1:32:54]} 10. Nbd2
{[%clk 1:25:04]} O-O {[%clk 1:32:57]} 11. Bc2 {[%clk 1:19:39]} Nxf2
{[%clk 1:33:19]} 12. Rxf2 {[%clk 1:18:13]} f6 {[%clk 1:33:43]} 13. Nb3
{[%clk 0:52:25]} Bxf2+ {[%clk 1:34:02]} 14. Kxf2 {[%clk 0:52:53]} fxe5
{[%clk 1:34:22]} 15. Kg1 {[%clk 0:51:20]} Bg4 {[%clk 1:30:32]} 16. h3
{[%clk 0:48:43]} Bxf3 {[%clk 1:30:09]} 17. gxf3 {[%clk 0:49:10]} e4
{[%clk 1:20:12]} 18. f4 {[%clk 0:40:27]} Ne7 {[%clk 1:17:07]} 19. Nd4
{[%clk 0:31:49]} Qd6 {[%clk 1:17:14]} 20. Qg4 {[%clk 0:30:41]} Rf7
{[%clk 1:07:57]} 21. Be3 {[%clk 0:23:19]} c5 {[%clk 1:03:41]} 22. Nb3
{[%clk 0:17:09]} Rc8 {[%clk 1:03:46]} 23. Rd1 {[%clk 0:15:40]} c4
{[%clk 0:58:46]} 24. Nd4 {[%clk 0:13:34]} b4 {[%clk 0:58:44]} 25. Rf1
{[%clk 0:09:43]} bxc3 {[%clk 0:58:10]} 26. bxc3 {[%clk 0:10:11]} Rb8
{[%clk 0:54:19]} 27. Ba4 {[%clk 0:07:34]} Qa3 {[%clk 0:52:50]} 28. Nc6
{[%clk 0:06:21]} Nf5 {[%clk 0:45:53]} 29. Nxb8 {[%clk 0:02:31]} Nxe3
{[%clk 0:44:57]} 30. Qc8+ {[%clk 0:03:01]} Rf8 {[%clk 0:45:20]} 31. Qe6+
{[%clk 0:03:28]} Kh8 {[%clk 0:45:44]} 32. Nd7 {[%clk 0:03:13]} Nxf1
{[%clk 0:37:02]} 33. Nxf8 {[%clk 0:03:06]} Qc1 {[%clk 0:36:56]} 34. f5
{[%clk 0:02:19]} Ne3+ {[%clk 0:33:44]} 35. Kf2 {[%clk 0:02:35]} Qd2+
{[%clk 0:34:10]} 36. Kg3 {[%clk 0:02:59]} Nf1+ {[%clk 0:34:35]} 37. Kg4
{[%clk 0:03:21]} Qg2+ {[%clk 0:27:12]} 38. Kh5 {[%clk 0:03:02]} Qf3+
{[%clk 0:26:01]} 39. Kg5 {[%clk 0:03:23]} Qe3+ {[%clk 0:25:56]} 40. Kg4
{[%clk 0:32:51]} Nh2+ {[%clk 0:55:52]} 41. Kh4 {[%clk 0:32:50]} Nf3+
{[%clk 0:55:54]} 0-1